| 000 | 01005nam a22002537a 4500 | ||
|---|---|---|---|
| 005 | 20170124103047.0 | ||
| 010 | _aA-970052 | ||
| 020 | _c125.00 | ||
| 035 | _aA-970052 | ||
| 037 | _bCen Lib/Ret | ||
| 040 |
_aDPL _bHN |
||
| 082 |
_aउ _bशर्माय |
||
| 100 |
_aशर्मा, यज्ञदत्त _969472 |
||
| 245 |
_aरूप-बिरूप / _cयज्ञदत्त शर्मा |
||
| 246 |
_aRoop-biroop / _bby Yagyadatt Sharma |
||
| 260 |
_aदिल्ली _bलाइब्रेरी बुक सेंटर _c1998 |
||
| 270 |
_a1458, मालीवाड़ा _b दिल्ली _e110006 |
||
| 300 |
_a112पृ. _c19सेमी (सजिल्द ) |
||
| 650 |
_aहिंदी साहित्य _x _z _969473 |
||
| 650 |
_aहिंदी साहित्य _v _xउपन्यास _969474 |
||
| 650 |
_aHindi literature _969475 |
||
| 650 |
_aHindi literature _xfiction _969476 |
||
| 942 |
_2ddc _cHN _hउ _mशर्माय |
||
| 999 |
_c116999 _d116999 |
||